| 000 | 01181nam a22003497a 4500 | ||
|---|---|---|---|
| 003 | CHAP | ||
| 005 | 20220329143740.0 | ||
| 008 | 110601s1982 mx a r 00010 spa d | ||
| 010 | _a101368 | ||
| 011 | _a102340 | ||
| 020 | _a968483005X | ||
| 035 | _a113028 | ||
| 040 | _cCHAP | ||
| 082 | 0 | 4 |
_a338.27282 _bC31 |
| 100 | 1 |
_acorredor Esnaola, Jaime _928244 |
|
| 245 | 1 | 0 |
_aConsideraciones sobre la política petrolera de México _c/por Jaime Corredor Esnaola |
| 260 |
_aMéxico, D.F. : _bP.R.I. Instituto de Capacitación Política , _c1982 |
||
| 300 |
_a139 p. : _bilus. |
||
| 490 | _aBreviarios | ||
| 501 | _aCon : Hacia una industria nuclear integral / Dalmau Costa Alonso | ||
| 590 |
_aBATCH-UPD _b10 _c20130110 _lUCH01 _h1222 |
||
| 590 |
_aBATCH-UPD _b10 _c20130410 _lUCH01 _h0756 |
||
| 590 |
_aBATCH-UPD _b10 _c20130914 _lUCH01 _h0749 |
||
| 590 |
_aCONVERSION _b10 _c20130109 _lUCH01 _h1356 |
||
| 650 | 1 | 4 |
_aPetróleo _xIndustria. _987665 |
| 650 | 1 | 4 |
_aPetróleo _xMercadeo. _987671 |
| 650 | 1 | 4 |
_aPolítica petrolera. _990685 |
| 830 | 0 |
_aBreviarios _915273 |
|
| 901 | _aBK | ||
| 942 | _cLIBRO | ||
| 949 |
_a338.27282 C31 _bBC _cLIBRO _d33724002247462 _eLIBRO _h115180 _i113028 _sb |
||
| 999 |
_c101368 _d101368 |
||